[Event "7. Torneio de São José do Rio Preto"]
[Site "São José do Rio Preto BRA"]
[Date "2008.03.26"]
[Round "5.2"]
[White "Crosa Coll, Martin"]
[Black "Capatti, Eduardo"]
[Result "1-0"]
[WhiteElo "2391"]
[BlackElo "2169"]
[PlyCount "61"]
[EventDate "2008.03.24"]
[EventType "tourn"]
[EventRounds "11"]
[EventCountry "BRA"]
[EventCategory "3"]
[Source "lmi"]
[SourceDate "2008.03.24"]

1. e4 d6 2. d4 Nf6 3. Nc3 g6 4. Be3 c6 5. Qd2 Bg7 6. Bh6 Bxh6 7. Qxh6 e5 8.
O-O-O Qe7 9. Be2 b5 10. dxe5 dxe5 11. Qe3 Nbd7 12. g4 b4 13. Na4 Nb6 14. Nc5
Nxg4 15. Bxg4 Bxg4 16. f3 Be6 17. b3 O-O 18. Ne2 Rfd8 19. Rdg1 Nd7 20. Nxd7
Rxd7 21. h4 a5 22. h5 a4 23. Kb1 axb3 24. cxb3 Rad8 25. Qh6 Qf8 26. hxg6 Rd1+
27. Rxd1 Rxd1+ 28. Kc2 Qxh6 29. Rxh6 Ra1 30. gxh7+ Kh8 31. Nc1 1-0

[Event "7. Torneio de São José do Rio Preto"]
[Site "São José do Rio Preto BRA"]
[Date "2008.03.26"]
[Round "5.3"]
[White "Borges, Leomar Barbero"]
[Black "Santos, Renato Andrade"]
[Result "1/2-1/2"]
[WhiteElo "2230"]
[BlackElo "2259"]
[PlyCount "21"]
[EventDate "2008.03.24"]
[EventType "tourn"]
[EventRounds "11"]
[EventCountry "BRA"]
[EventCategory "3"]
[Source "lmi"]
[SourceDate "2008.03.24"]

1. d4 Nf6 2. Nf3 g6 3. e3 Bg7 4. Be2 O-O 5. O-O d6 6. b3 Nbd7 7. Bb2 e5 8. dxe5
Ng4 9. c4 dxe5 10. Nc3 c6 11. Qc2 1/2-1/2

[Event "7. Torneio de São José do Rio Preto"]
[Site "São José do Rio Preto BRA"]
[Date "2008.03.26"]
[Round "5.5"]
[White "Perdomo, Leandro"]
[Black "Martins, Vinicius Tine"]
[Result "1/2-1/2"]
[WhiteElo "2354"]
[BlackElo "2308"]
[PlyCount "160"]
[EventDate "2008.03.24"]
[EventType "tourn"]
[EventRounds "11"]
[EventCountry "BRA"]
[EventCategory "3"]
[Source "lmi"]
[SourceDate "2008.03.24"]

1. d4 d5 2. c4 c6 3. Nc3 Nf6 4. cxd5 cxd5 5. Bf4 Nc6 6. e3 a6 7. Bd3 Bg4 8.
Nge2 e6 9. O-O Bd6 10. f3 Bh5 11. Rc1 O-O 12. Bxd6 Qxd6 13. Nf4 Bg6 14. Nxg6
hxg6 15. f4 Nd7 16. Na4 Rac8 17. Qd2 f5 18. a3 Kf7 19. Rc2 Rh8 20. h3 g5 21.
fxg5 Qg3 22. g6+ Ke7 23. Rf3 Qxg6 24. b4 Nf6 25. Qe1 Na7 26. Nc5 Rc7 27. b5
axb5 28. Qa5 Rhc8 29. Qxa7 Nd7 30. Nxd7 Rxc2 31. Bxc2 Rxc2 32. Rf2 Rxf2 33.
Kxf2 Kxd7 34. Qxb7+ Kd6 35. Qxb5 Qh5 36. Qb8+ Ke7 37. Qg3 Kf7 38. Ke1 Qh8 39.
Qc7+ Kg6 40. Kd2 Qh4 41. Ke2 Qh5+ 42. Ke1 Qh4+ 43. Kf1 Qe4 44. Qc1 Qd3+ 45. Kf2
f4 46. exf4 Qxd4+ 47. Qe3 Qb2+ 48. Qe2 Qd4+ 49. Kf3 Qc3+ 50. Qe3 Qc6 51. a4 Kf7
52. Qa7+ Kg6 53. Qd4 Qa6 54. Ke3 Kf7 55. f5 exf5 56. Qxd5+ Kg6 57. Qa2 Qb6+ 58.
Kf3 Qc6+ 59. Kf2 Qc5+ 60. Kf1 Qc1+ 61. Ke2 Qc6 62. Kd1 Qa6 63. Ke1 Qa5+ 64. Kf1
Qa6+ 65. Kg1 Qa5 66. Qb3 Kh7 67. Qb5 Qe1+ 68. Kh2 Qe4 69. a5 Qf4+ 70. Kh1 Qc1+
71. Kh2 Qf4+ 72. Kg1 Qe3+ 73. Kf1 Qf4+ 74. Ke2 Qe4+ 75. Kd1 Qd4+ 76. Kc2 Qf2+
77. Kb3 Qe3+ 78. Kb4 Qe1+ 79. Kc5 Qe5+ 80. Kb6 Qb8+ 1/2-1/2

[Event "7. Torneio de São José do Rio Preto"]
[Site "São José do Rio Preto BRA"]
[Date "2008.03.26"]
[Round "5.6"]
[White "Oliveira, Silvio Eduardo C. d"]
[Black "Quiroga, Facundo"]
[Result "1-0"]
[WhiteElo "2291"]
[BlackElo "2331"]
[PlyCount "35"]
[EventDate "2008.03.24"]
[EventType "tourn"]
[EventRounds "11"]
[EventCountry "BRA"]
[EventCategory "3"]
[Source "lmi"]
[SourceDate "2008.03.24"]

1. e4 c5 2. Nf3 d6 3. d4 cxd4 4. Nxd4 Nf6 5. Nc3 a6 6. Bg5 e6 7. f4 Qb6 8. Qd2
Qxb2 9. Rb1 Qa3 10. e5 dxe5 11. fxe5 Nfd7 12. Ne4 Qxa2 13. Rb3 b6 14. Nf5 exf5
15. Nd6+ Bxd6 16. Qxd6 Qa5+ 17. Ke2 Qc5 18. Rc3 1-0

[Event "7. Torneio de São José do Rio Preto"]
[Site "São José do Rio Preto BRA"]
[Date "2008.03.26"]
[Round "6.1"]
[White "Santos, Marcus Vinicius M."]
[Black "Quiroga, Facundo"]
[Result "1/2-1/2"]
[WhiteElo "2402"]
[BlackElo "2331"]
[PlyCount "33"]
[EventDate "2008.03.24"]
[EventType "tourn"]
[EventRounds "11"]
[EventCountry "BRA"]
[EventCategory "3"]
[Source "lmi"]
[SourceDate "2008.03.24"]

1. d4 f5 2. c4 Nf6 3. Nc3 g6 4. h4 d6 5. h5 Nxh5 6. Rxh5 gxh5 7. e4 c6 8. Qxh5+
Kd7 9. Qxf5+ Kc7 10. Qa5+ b6 11. Qa3 e5 12. Be3 exd4 13. Bxd4 Rg8 14. O-O-O Nd7
15. Nf3 Qe8 16. Kb1 Bb7 17. Be3 1/2-1/2

[Event "7. Torneio de São José do Rio Preto"]
[Site "São José do Rio Preto BRA"]
[Date "2008.03.26"]
[Round "6.2"]
[White "Martins, Vinicius Tine"]
[Black "Oliveira, Silvio Eduardo C. d"]
[Result "1-0"]
[WhiteElo "2308"]
[BlackElo "2291"]
[PlyCount "90"]
[EventDate "2008.03.24"]
[EventType "tourn"]
[EventRounds "11"]
[EventCountry "BRA"]
[EventCategory "3"]
[Source "lmi"]
[SourceDate "2008.03.24"]

1. d4 Nf6 2. c4 g6 3. f3 d5 4. cxd5 Nxd5 5. e4 Nb6 6. Nc3 Bg7 7. Be3 O-O 8. Qd2
Nc6 9. O-O-O f5 10. e5 Nb4 11. Nh3 Be6 12. Kb1 Qd7 13. Nf4 Bc4 14. Be2 g5 15.
Nd3 Nxd3 16. Bxd3 f4 17. Bf2 Bxd3+ 18. Qxd3 Qf5 19. Qxf5 Rxf5 20. Ne4 Nd5 21.
h4 gxh4 22. Bxh4 Rd8 23. Bf2 h5 24. Nc5 Kf7 25. Rc1 b6 26. Ne4 Bh6 27. Rc6 e6
28. a3 Rg8 29. Rh2 Ke7 30. Rc1 Kd7 31. Rch1 Bf8 32. Kc2 Be7 33. Kd3 Rf7 34. Ke2
Rfg7 35. Rxh5 Rxg2 36. Rh7 R8g6 37. Nf6+ Nxf6 38. exf6 Rxf6 39. Kf1 Rfg6 40.
Rf7 Rg7 41. Rxf4 c5 42. Rh8 c4 43. Ra8 a5 44. Ra7+ Kc6 45. Re4 Rxf2+ 1-0

[Event "7. Torneio de São José do Rio Preto"]
[Site "São José do Rio Preto BRA"]
[Date "2008.03.26"]
[Round "6.4"]
[White "Santos, Renato Andrade"]
[Black "Stamenkovic, Dragan"]
[Result "0-1"]
[WhiteElo "2259"]
[BlackElo "2417"]
[PlyCount "114"]
[EventDate "2008.03.24"]
[EventType "tourn"]
[EventRounds "11"]
[EventCountry "BRA"]
[EventCategory "3"]
[Source "lmi"]
[SourceDate "2008.03.24"]

1. e4 c5 2. Nf3 d6 3. d4 cxd4 4. Nxd4 Nf6 5. f3 e5 6. Bb5+ Nbd7 7. Nf5 d5 8.
exd5 a6 9. Bxd7+ Qxd7 10. Ne3 b5 11. O-O Bb7 12. Re1 Bc5 13. Kh1 O-O 14. Nc3
Bd4 15. Ne4 Nxd5 16. Nxd5 Qxd5 17. c3 Ba7 18. Qxd5 Bxd5 19. Be3 Bxe3 20. Rxe3
Rfd8 21. a3 f6 22. h3 Bc6 23. Re2 a5 24. Kg1 a4 25. Kf2 Kf7 26. Rae1 Rd3 27.
Ng3 Rad8 28. Nf1 Bd5 29. Ne3 Bb3 30. Nc2 Rd2 31. Ne3 Bc4 32. Nxc4 bxc4 33. Rb1
f5 34. Ke1 Rxe2+ 35. Kxe2 f4 36. Rc1 Kf6 37. Rc2 Ke6 38. Kf1 Rd3 39. Re2 Rd1+
40. Kf2 g5 41. Rc2 Kd5 42. Re2 h5 43. Rc2 e4 44. fxe4+ Kxe4 45. Ke2 Rd5 46. Kf2
g4 47. hxg4 hxg4 48. Ke2 Rd3 49. Ke1 g3 50. Ke2 f3+ 51. gxf3+ Rxf3 52. Ke1 Re3+
53. Kf1 Kf3 54. Rc1 Re2 55. Rb1 Ke3 56. Rd1 Rxb2 57. Rd4 Kf3 0-1

[Event "7. Torneio de São José do Rio Preto"]
[Site "São José do Rio Preto BRA"]
[Date "2008.03.27"]
[Round "7.2"]
[White "Borges, Leomar Barbero"]
[Black "Viana da Costa, Fernando"]
[Result "0-1"]
[WhiteElo "2230"]
[BlackElo "2294"]
[PlyCount "54"]
[EventDate "2008.03.24"]
[EventType "tourn"]
[EventRounds "11"]
[EventCountry "BRA"]
[EventCategory "3"]
[Source "lmi"]
[SourceDate "2008.03.24"]

1. Nf3 g6 2. d4 Bg7 3. e3 c5 4. Be2 Nf6 5. dxc5 Qa5+ 6. Nc3 Ne4 7. Nd4 Nxc3 8.
Qd2 Qxc5 9. bxc3 O-O 10. a4 d6 11. O-O Qc7 12. Nb5 Qd8 13. Rb1 a6 14. Nd4 Nd7
15. Bf3 Nc5 16. Bd5 Qc7 17. Rb4 Bd7 18. Nb3 Rab8 19. a5 e6 20. Bf3 Na4 21. Nd4
Nxc3 22. Rxb7 Rxb7 23. Bxb7 e5 24. Nb3 Bb5 25. Re1 Ne2+ 26. Rxe2 Bxe2 27. Bd5
Bc4 0-1

[Event "7. Torneio de São José do Rio Preto"]
[Site "São José do Rio Preto BRA"]
[Date "2008.03.27"]
[Round "7.3"]
[White "Stamenkovic, Dragan"]
[Black "Capatti, Eduardo"]
[Result "1/2-1/2"]
[WhiteElo "2417"]
[BlackElo "2169"]
[PlyCount "26"]
[EventDate "2008.03.24"]
[EventType "tourn"]
[EventRounds "11"]
[EventCountry "BRA"]
[EventCategory "3"]
[Source "lmi"]
[SourceDate "2008.03.24"]

1. d4 Nf6 2. Bg5 c6 3. Bxf6 exf6 4. c4 d5 5. cxd5 cxd5 6. Nc3 Nc6 7. e3 Be6 8.
Qb3 Qd7 9. Nge2 Na5 10. Qb5 Qxb5 11. Nxb5 Bb4+ 12. Nbc3 Rc8 13. Kd2 Nc4+
1/2-1/2

[Event "7. Torneio de São José do Rio Preto"]
[Site "São José do Rio Preto BRA"]
[Date "2008.03.27"]
[Round "7.4"]
[White "Perdomo, Leandro"]
[Black "Santos, Renato Andrade"]
[Result "1/2-1/2"]
[WhiteElo "2354"]
[BlackElo "2259"]
[PlyCount "83"]
[EventDate "2008.03.24"]
[EventType "tourn"]
[EventRounds "11"]
[EventCountry "BRA"]
[EventCategory "3"]
[Source "lmi"]
[SourceDate "2008.03.24"]

1. d4 Nf6 2. c4 c6 3. Nc3 d5 4. Bg5 Nbd7 5. e3 e6 6. cxd5 exd5 7. Bd3 Be7 8.
Qc2 Nf8 9. Nge2 g6 10. f3 Ne6 11. Bh4 O-O 12. O-O c5 13. Qd2 cxd4 14. Nxd4 Nxd4
15. exd4 Qb6 16. Bf2 Bd7 17. a3 Rfe8 18. g4 Bc6 19. b4 a6 20. Kg2 Bd6 21. Rac1
Re6 22. Ne2 Re7 23. Bh4 Re6 24. Nf4 Bxf4 25. Qxf4 Bb5 26. Bxb5 axb5 27. Rc7 Rf8
28. Rfc1 Ne8 29. Rd7 Nf6 30. Bxf6 Rxf6 31. Qe5 Qa6 32. Rcc7 Rc6 33. Qxd5 Rxc7
34. Rxc7 Qxa3 35. Rxb7 Qxb4 36. Rxb5 Qd2+ 37. Kh3 Qf2 38. Rb7 h6 39. Ra7 Qf1+
40. Kg3 Qg1+ 41. Kh3 Qf1+ 42. Kg3 1/2-1/2

[Event "7. Torneio de São José do Rio Preto"]
[Site "São José do Rio Preto BRA"]
[Date "2008.03.27"]
[Round "7.5"]
[White "Oliveira, Silvio Eduardo C. d"]
[Black "Valiente, Cristobal"]
[Result "1-0"]
[WhiteElo "2291"]
[BlackElo "2273"]
[PlyCount "101"]
[EventDate "2008.03.24"]
[EventType "tourn"]
[EventRounds "11"]
[EventCountry "BRA"]
[EventCategory "3"]
[Source "lmi"]
[SourceDate "2008.03.24"]

1. e4 e6 2. d4 d5 3. Nc3 Nf6 4. e5 Nfd7 5. f4 c5 6. Nf3 Nc6 7. Be3 a6 8. Qd2
Qc7 9. a3 cxd4 10. Nxd4 Bc5 11. g3 Nxd4 12. Bxd4 Bxd4 13. Qxd4 Qb6 14. Qxb6
Nxb6 15. Bd3 Bd7 16. Ne2 Rc8 17. Nd4 Ke7 18. Kd2 g6 19. b3 Rcf8 20. a4 a5 21.
b4 axb4 22. a5 Na4 23. Rhb1 Nc5 24. Rxb4 Rc8 25. Nb3 Nxb3+ 26. cxb3 Rc7 27. Rb6
Ra8 28. b4 Kd8 29. Ke3 Ra7 30. Kd4 Rc6 31. Rxc6 bxc6 32. g4 Kc7 33. h4 Bc8 34.
h5 Ba6 35. Bxa6 Rxa6 36. hxg6 hxg6 37. Rh1 Ra8 38. Rh7 Rf8 39. Kc5 Kb7 40. f5
gxf5 41. gxf5 Ka8 42. f6 Kb7 43. Kd6 d4 44. Ke7 Rc8 45. Rh4 d3 46. Rd4 c5 47.
bxc5 Rxc5 48. Rxd3 Rxa5 49. Kxf7 Rxe5 50. Ke7 Re1 51. Rf3 1-0

[Event "7. Torneio de São José do Rio Preto"]
[Site "São José do Rio Preto BRA"]
[Date "2008.03.27"]
[Round "7.6"]
[White "Quiroga, Facundo"]
[Black "Martins, Vinicius Tine"]
[Result "1-0"]
[WhiteElo "2331"]
[BlackElo "2308"]
[PlyCount "162"]
[EventDate "2008.03.24"]
[EventType "tourn"]
[EventRounds "11"]
[EventCountry "BRA"]
[EventCategory "3"]
[Source "lmi"]
[SourceDate "2008.03.24"]

1. d4 d5 2. c4 c6 3. Nf3 Nf6 4. Nc3 a6 5. a4 e6 6. a5 c5 7. cxd5 exd5 8. Bg5
Be6 9. g3 Nc6 10. Bg2 h6 11. Bxf6 Qxf6 12. e3 Be7 13. O-O Rd8 14. Qb3 Rd7 15.
Qa4 O-O 16. dxc5 Bxc5 17. Rac1 Rfd8 18. Rfd1 Qe7 19. Ne2 Rc7 20. Ned4 Nxd4 21.
Nxd4 Bxd4 22. Qxd4 Rdc8 23. Rxc7 Qxc7 24. b4 Qe7 25. Bxd5 Bxd5 26. Qxd5 Qxb4
27. Qf5 Qc4 28. Rd7 g6 29. Qf3 Rb8 30. Rxb7 Rxb7 31. Qxb7 Kg7 32. Qb6 Kg8 33.
Qd8+ Kh7 34. Qd4 Qb5 35. Qc3 Kg8 36. h4 h5 37. Qe1 Kh7 38. e4 Qe5 39. Qb4 Kg8
40. Kg2 Kg7 41. Kf3 Kg8 42. Ke3 Qe6 43. Qb6 Qc4 44. Qd8+ Kh7 45. Qd5 Qc3+ 46.
Ke2 Kg7 47. Kf1 Qa1+ 48. Kg2 Qc3 49. e5 Qb4 50. Kh2 Qe1 51. Qc5 Qe2 52. Qb6 Kg8
53. Qf6 Qa2 54. Qf3 Qxa5 55. Qf6 Qa2 56. Kg2 Qd5+ 57. Kh2 Kh7 58. f3 a5 59. g4
hxg4 60. fxg4 Kg8 61. h5 Qd2+ 62. Kh3 a4 63. hxg6 Qd3+ 64. Kg2 Qxg6 65. Qd8+
Kg7 66. Qd4 Qc2+ 67. Kg3 Kh7 68. e6 Qb3+ 69. Kh4 fxe6 70. Qd7+ Kg6 71. Qe8+ Kf6
72. Qf8+ Ke5 73. Qc5+ Ke4 74. Qc6+ Kf4 75. Qd6+ e5 76. Qf6+ Ke4 77. Qc6+ Ke3
78. Qc5+ Kf4 79. Qf2+ Ke4 80. Qf5+ Kd5 81. g5 Qe3 1-0

[Event "7. Torneio de São José do Rio Preto"]
[Site "São José do Rio Preto BRA"]
[Date "2008.03.28"]
[Round "8.1"]
[White "Santos, Marcus Vinicius M."]
[Black "Martins, Vinicius Tine"]
[Result "1/2-1/2"]
[WhiteElo "2402"]
[BlackElo "2308"]
[PlyCount "21"]
[EventDate "2008.03.24"]
[EventType "tourn"]
[EventRounds "11"]
[EventCountry "BRA"]
[EventCategory "3"]
[Source "lmi"]
[SourceDate "2008.03.24"]

1. d4 d5 2. c4 c6 3. Nc3 Nf6 4. e3 a6 5. Nf3 b5 6. b3 Bg4 7. h3 Bxf3 8. gxf3
Nbd7 9. f4 e6 10. c5 Ng8 11. Bd3 1/2-1/2

[Event "7. Torneio de São José do Rio Preto"]
[Site "São José do Rio Preto BRA"]
[Date "2008.03.28"]
[Round "8.2"]
[White "Valiente, Cristobal"]
[Black "Quiroga, Facundo"]
[Result "0-1"]
[WhiteElo "2273"]
[BlackElo "2331"]
[PlyCount "78"]
[EventDate "2008.03.24"]
[EventType "tourn"]
[EventRounds "11"]
[EventCountry "BRA"]
[EventCategory "3"]
[Source "lmi"]
[SourceDate "2008.03.24"]

1. e4 c5 2. Nf3 d6 3. Bc4 e6 4. d3 Nf6 5. O-O Be7 6. Bb3 O-O 7. c3 b6 8. Re1
Bb7 9. Nbd2 Nc6 10. Nf1 Ne5 11. Ng5 h6 12. Nh3 c4 13. dxc4 Nxe4 14. Bc2 f5 15.
Nf4 Bh4 16. Re2 Ng5 17. Ng3 Qc7 18. b3 Qc6 19. Qf1 Ngf3+ 20. Kh1 Rae8 21. gxf3
Qxf3+ 22. Qg2 g5 23. Re3 gxf4 24. Rxf3 Bxf3 25. Qxf3 Nxf3 26. Bxf4 e5 27. Bxh6
Rf6 28. Nxf5 e4 29. Nxh4 Nxh4 30. Be3 Nf3 31. Bd1 Kf7 32. Bxf3 exf3 33. Rg1 Rg6
34. Rxg6 Kxg6 35. h3 Kh5 36. Kg1 Kh4 37. Kf1 Kxh3 38. a4 Re4 39. Ke1 Rxe3+ 0-1

[Event "7. Torneio de São José do Rio Preto"]
[Site "São José do Rio Preto BRA"]
[Date "2008.03.28"]
[Round "8.3"]
[White "Santos, Renato Andrade"]
[Black "Oliveira, Silvio Eduardo C. d"]
[Result "0-1"]
[WhiteElo "2259"]
[BlackElo "2291"]
[PlyCount "34"]
[EventDate "2008.03.24"]
[EventType "tourn"]
[EventRounds "11"]
[EventCountry "BRA"]
[EventCategory "3"]
[Source "lmi"]
[SourceDate "2008.03.24"]

1. Nf3 d5 2. g3 Nf6 3. Bg2 g6 4. d4 Bg7 5. O-O O-O 6. c3 c5 7. dxc5 Ne4 8. Be3
Na6 9. c6 bxc6 10. Nd4 Bb7 11. Bxe4 dxe4 12. Qc2 c5 13. Nb3 Qc7 14. Na3 f5 15.
Nb5 Qd7 16. a4 f4 17. Bxc5 Qh3 0-1

[Event "7. Torneio de São José do Rio Preto"]
[Site "São José do Rio Preto BRA"]
[Date "2008.03.28"]
[Round "8.4"]
[White "Capatti, Eduardo"]
[Black "Perdomo, Leandro"]
[Result "0-1"]
[WhiteElo "2169"]
[BlackElo "2354"]
[PlyCount "64"]
[EventDate "2008.03.24"]
[EventType "tourn"]
[EventRounds "11"]
[EventCountry "BRA"]
[EventCategory "3"]
[Source "lmi"]
[SourceDate "2008.03.24"]

1. d4 Nf6 2. Nf3 g6 3. Nbd2 Bg7 4. e4 d6 5. Bd3 O-O 6. O-O Nc6 7. c3 e5 8. Re1
Nd7 9. Nb3 a5 10. a4 Re8 11. h3 Nf8 12. Be3 h6 13. Nbd2 f5 14. exf5 gxf5 15.
dxe5 dxe5 16. Bc4+ Be6 17. Bxe6+ Nxe6 18. Qb3 b6 19. Rad1 Qf6 20. Qc4 Ncd8 21.
Nb3 Nf7 22. Rd7 e4 23. Nfd4 Ne5 24. Rxg7+ Kxg7 25. Nxe6+ Qxe6 26. Qxc7+ Re7 27.
Nd4 Qd7 28. Nxf5+ Kh7 29. Qxb6 Qxf5 30. Qxh6+ Kg8 31. Bd4 Qg6 32. Qe3 Nf3+ 0-1

[Event "7. Torneio de São José do Rio Preto"]
[Site "São José do Rio Preto BRA"]
[Date "2008.03.28"]
[Round "8.5"]
[White "Viana da Costa, Fernando"]
[Black "Stamenkovic, Dragan"]
[Result "1/2-1/2"]
[WhiteElo "2294"]
[BlackElo "2417"]
[PlyCount "30"]
[EventDate "2008.03.24"]
[EventType "tourn"]
[EventRounds "11"]
[EventCountry "BRA"]
[EventCategory "3"]
[Source "lmi"]
[SourceDate "2008.03.24"]

1. e4 c5 2. Nf3 d6 3. d4 cxd4 4. Nxd4 Nf6 5. Nc3 g6 6. Be3 Bg7 7. f3 a6 8. Bc4
b5 9. Bb3 Bb7 10. Qd2 h5 11. O-O-O Nbd7 12. Kb1 Rc8 13. Rhe1 Ne5 14. a3 Nc4 15.
Bxc4 bxc4 1/2-1/2

[Event "7. Torneio de São José do Rio Preto"]
[Site "São José do Rio Preto BRA"]
[Date "2008.03.28"]
[Round "9.1"]
[White "Borges, Leomar Barbero"]
[Black "Santos, Marcus Vinicius M."]
[Result "1/2-1/2"]
[WhiteElo "2230"]
[BlackElo "2402"]
[PlyCount "32"]
[EventDate "2008.03.24"]
[EventType "tourn"]
[EventRounds "11"]
[EventCountry "BRA"]
[EventCategory "3"]
[Source "lmi"]
[SourceDate "2008.03.24"]

1. c4 e6 2. Nf3 d5 3. g3 c5 4. cxd5 exd5 5. d4 Nc6 6. Nc3 Nf6 7. Bg2 Be7 8. O-O
O-O 9. Bg5 cxd4 10. Nxd4 h6 11. Bf4 Bg4 12. h3 Bh5 13. Nf5 Bg6 14. Nxe7+ Qxe7
15. e4 Nxe4 16. Nxd5 Qd8 1/2-1/2

[Event "7. Torneio de São José do Rio Preto"]
[Site "São José do Rio Preto BRA"]
[Date "2008.03.28"]
[Round "9.3"]
[White "Perdomo, Leandro"]
[Black "Viana da Costa, Fernando"]
[Result "1/2-1/2"]
[WhiteElo "2354"]
[BlackElo "2294"]
[PlyCount "29"]
[EventDate "2008.03.24"]
[EventType "tourn"]
[EventRounds "11"]
[EventCountry "BRA"]
[EventCategory "3"]
[Source "lmi"]
[SourceDate "2008.03.24"]

1. d4 Nf6 2. Bg5 g6 3. Nc3 d5 4. Nf3 Bg7 5. e3 c6 6. Bd3 O-O 7. O-O Bg4 8. h3
Bxf3 9. Qxf3 Nbd7 10. Qe2 e5 11. dxe5 Nxe5 12. e4 dxe4 13. Nxe4 Nxd3 14. cxd3
Qd4 15. Bxf6 1/2-1/2

[Event "7. Torneio de São José do Rio Preto"]
[Site "São José do Rio Preto BRA"]
[Date "2008.03.28"]
[Round "9.4"]
[White "Oliveira, Silvio Eduardo C. d"]
[Black "Capatti, Eduardo"]
[Result "1-0"]
[WhiteElo "2291"]
[BlackElo "2169"]
[PlyCount "25"]
[EventDate "2008.03.24"]
[EventType "tourn"]
[EventRounds "11"]
[EventCountry "BRA"]
[EventCategory "3"]
[Source "lmi"]
[SourceDate "2008.03.24"]

1. e4 d6 2. d4 g6 3. Nc3 Nf6 4. Be3 c6 5. Qd2 b5 6. Bd3 Nbd7 7. Nf3 e5 8. O-O
Bg7 9. d5 b4 10. dxc6 Nc5 11. Nd5 Nxd5 12. exd5 f5 13. Bc4 1-0

[Event "7. Torneio de São José do Rio Preto"]
[Site "São José do Rio Preto BRA"]
[Date "2008.03.28"]
[Round "9.5"]
[White "Quiroga, Facundo"]
[Black "Santos, Renato Andrade"]
[Result "1-0"]
[WhiteElo "2331"]
[BlackElo "2259"]
[PlyCount "69"]
[EventDate "2008.03.24"]
[EventType "tourn"]
[EventRounds "11"]
[EventCountry "BRA"]
[EventCategory "3"]
[Source "lmi"]
[SourceDate "2008.03.24"]

1. d4 Nf6 2. c4 e6 3. Nf3 d5 4. Nc3 c6 5. e3 Nbd7 6. Bd3 Bd6 7. O-O O-O 8. e4
dxc4 9. Bxc4 e5 10. Bg5 h6 11. Bh4 Qc7 12. d5 cxd5 13. Bxd5 Nxd5 14. Nxd5 Qb8
15. Be7 Bxe7 16. Nxe7+ Kh8 17. Nxc8 Qxc8 18. Rc1 Qd8 19. Qd5 Nf6 20. Qxb7 Qa5
21. Rc7 Qxa2 22. Nxe5 Kg8 23. Nc6 Qe6 24. f3 a5 25. Rd1 a4 26. Qb4 Qa2 27. e5
Nh7 28. f4 a3 29. bxa3 Rxa3 30. f5 Ra4 31. Qd2 Rfa8 32. e6 fxe6 33. Ne7+ Kh8
34. Ng6+ Kg8 35. Qd7 1-0

[Event "7. Torneio de São José do Rio Preto"]
[Site "São José do Rio Preto BRA"]
[Date "2008.03.28"]
[Round "9.6"]
[White "Martins, Vinicius Tine"]
[Black "Valiente, Cristobal"]
[Result "1/2-1/2"]
[WhiteElo "2308"]
[BlackElo "2273"]
[PlyCount "115"]
[EventDate "2008.03.24"]
[EventType "tourn"]
[EventRounds "11"]
[EventCountry "BRA"]
[EventCategory "3"]
[Source "lmi"]
[SourceDate "2008.03.24"]

1. e4 d6 2. d4 Nf6 3. Nc3 g6 4. f4 Bg7 5. Nf3 O-O 6. Bd3 b6 7. O-O a6 8. e5 Ne8
9. Qe2 e6 10. Be3 Bb7 11. Ne4 Nd7 12. c3 Qe7 13. Rfe1 f5 14. exf6 Nexf6 15. Bd2
Nxe4 16. Bxe4 Bxe4 17. Qxe4 Rfe8 18. Qc6 Nf8 19. Re2 h6 20. Rae1 Qf7 21. d5
Rad8 22. dxe6 Rxe6 23. b3 Rde8 24. Rxe6 Rxe6 25. g3 Rxe1+ 26. Bxe1 a5 27. Bf2
Qd7 28. Qd5+ Qe6 29. Qxe6+ Nxe6 30. c4 Kf7 31. Kf1 Nc5 32. Bxc5 bxc5 33. Ke2
Ke6 34. g4 Bf6 35. Kd3 c6 36. Nd2 d5 37. Nf1 Bd4 38. h3 Bg1 39. a4 Bf2 40. Ke2
Bd4 41. Nd2 Bc3 42. Nf3 Bf6 43. Ne1 Bd4 44. Nd3 Kf6 45. Kf3 Ke6 46. Ne1 Bc3 47.
Nc2 Bd2 48. Kg3 d4 49. Kf3 g5 50. f5+ Ke5 51. Ke2 Bc3 52. Ne1 Bxe1 53. Kxe1 Kf6
54. Ke2 Ke5 55. Kd3 Kf6 56. Ke4 Kf7 57. b4 cxb4 58. Kxd4 1/2-1/2

[Event "7. Torneio de São José do Rio Preto"]
[Site "São José do Rio Preto BRA"]
[Date "2008.03.29"]
[Round "10.1"]
[White "Santos, Marcus Vinicius M."]
[Black "Valiente, Cristobal"]
[Result "1-0"]
[WhiteElo "2402"]
[BlackElo "2273"]
[PlyCount "63"]
[EventDate "2008.03.24"]
[EventType "tourn"]
[EventRounds "11"]
[EventCountry "BRA"]
[EventCategory "3"]
[Source "lmi"]
[SourceDate "2008.03.24"]

1. d4 d5 2. c4 Nc6 3. cxd5 Qxd5 4. e3 e5 5. Nc3 Bb4 6. Bd2 Bxc3 7. Bxc3 exd4 8.
Ne2 Nf6 9. Nxd4 Bd7 10. Nb5 Qxd1+ 11. Rxd1 O-O-O 12. Bc4 a6 13. Nd4 Ne5 14. Be2
Ne4 15. Ba5 Nc6 16. Nxc6 Bxc6 17. Rc1 Rd5 18. Bb4 a5 19. Ba3 Rhd8 20. f3 Nd6
21. e4 Re5 22. Kf2 f5 23. exf5 Rxf5 24. Rhd1 Ne4+ 25. Ke3 Nf6 26. Rxd8+ Kxd8
27. Rd1+ Ke8 28. Rd4 Nd5+ 29. Kf2 b5 30. Re4+ Kf7 31. g4 Rf4 32. Rxf4+ 1-0